[Event "Titled Tuesday intern op 30th Apr Early"]
[Site "Chess.com INT"]
[Date "2024.04.30"]
[Round "10"]
[White "Badacsonyi, Stanley Ethan Artie"]
[Black "Srihari, LR."]
[Result "0-1"]
[WhiteElo "2197"]
[BlackElo "2482"]
[PlyCount "98"]
[EventDate "2024.04.30"]
[EventType "swiss (blitz)"]
[EventRounds "11"]
[EventCountry "USA"]
[SourceTitle "CB19_2024"]
[SourceDate "2024.05.08"]
[SourceVersion "1"]
[SourceVersionDate "2024.05.08"]
[SourceQuality "1"]

1. d4 d5 2. Nc3 Nf6 3. Bf4 c5 4. e4 Nxe4 5. Nxe4 dxe4 6. dxc5 Qxd1+ 7. Rxd1 Nc6 8. Bc4 e5 9. Be3 f5 10. g3 Nd4 11. Bxd4 exd4 12. b4 a5 13. a3 axb4 14. axb4 b6 15. Bd5 Ra3 16. Ne2 bxc5 17. bxc5 Bxc5 18. Nxd4 Bxd4 19. Rxd4 Ra1+ 20. Rd1 Rxd1+ 21. Kxd1 Ke7 22. Ke2 Be6 23. Bxe6 Kxe6 24. Ra1 Rc8 25. Ra6+ Ke5 26. Ra5+ Kf6 27. Ra6+ Kg5 28. Kd2 Kg4 29. Ra7 Kf3 30. Rf7 g6 31. g4 Kxg4 32. Rxh7 Kf3 33. Ke1 Rxc2 34. Rh3+ Kf4 35. Rg3 g5 36. Kf1 Rd2 37. Re3 Rd3 38. Re1 Kf3 39. Kg1 f4 40. Ra1 Rd2 41. Rf1 g4 42. Rb1 Rxf2 43. Rb3+ e3 44. Rb1 g3 45. hxg3 Kxg3 46. Rb8 Ra2 47. Rg8+ Kf3 48. Re8 Ra1+ 49. Kh2 Kf2 0-1

[Event "BCC op 21st"]
[Site "Hua Hin"]
[Date "2024.04.16"]
[Round "4"]
[White "Srihari, LR."]
[Black "Manon, Reja Neer"]
[Result "1/2-1/2"]
[WhiteElo "2482"]
[BlackElo "2285"]
[PlyCount "56"]
[EventDate "2024.04.13"]
[EventType "swiss"]
[EventRounds "9"]
[EventCountry "THA"]
[SourceTitle "CB18_2024"]
[SourceDate "2024.05.01"]
[SourceVersion "1"]
[SourceVersionDate "2024.05.01"]
[SourceQuality "2"]

1. c4 Nf6 2. Nf3 g6 3. Nc3 Bg7 4. g3 0-0 5. Bg2 d6 6. d4 c5 7. 0-0 Nc6 8. dxc5 dxc5 9. Bf4 Nd4 10. Be5 Nc6 11. Qxd8 Rxd8 12. Bc7 Re8 13. Ne5 Nd4 14. Nd3 Ne6 15. Be5 Nd7 16. Bxg7 Kxg7 17. Rfd1 Rb8 18. e3 b6 19. Bc6 Rd8 20. Nd5 Kf8 21. Rd2 Ba6 22. b3 Rbc8 23. Ba4 Ng5 24. Rdd1 Bb7 25. f4 Ne4 26. Bxd7 Rxd7 27. Nf2 Nxf2 28. Kxf2 Bxd5 1/2-1/2

[Event "BCC op 21st"]
[Site "Hua Hin"]
[Date "2024.04.15"]
[Round "3"]
[White "Lim, Zhuo Ren"]
[Black "Srihari, LR."]
[Result "0-1"]
[WhiteElo "2248"]
[BlackElo "2482"]
[PlyCount "94"]
[EventDate "2024.04.13"]
[EventType "swiss"]
[EventRounds "9"]
[EventCountry "THA"]
[SourceTitle "CB18_2024"]
[SourceDate "2024.05.01"]
[SourceVersion "1"]
[SourceVersionDate "2024.05.01"]
[SourceQuality "2"]

1. d4 d5 2. Nf3 Nf6 3. c4 c6 4. Nc3 dxc4 5. a4 Bf5 6. Ne5 Nbd7 7. Nxc4 Qc7 8. Qd2 g6 9. Qf4 Qxf4 10. Bxf4 Bg7 11. e3 0-0 12. Be2 Nd5 13. Bg3 Nb4 14. 0-0 c5 15. d5 Bxc3 16. bxc3 Nxd5 17. Rfc1 b6 18. a5 b5 19. e4 Bxe4 20. Nd2 Bf5 21. Bxb5 N7f6 22. f3 Nh5 23. Bf2 Nhf4 24. Bf1 Rac8 25. Ne4 Bxe4 26. fxe4 Nf6 27. g3 Ne6 28. Ra4 Ng5 29. Bg2 Ng4 30. h4 Ne6 31. Bh3 Nxf2 32. Kxf2 Rc6 33. Rb1 Rc7 34. Bxe6 fxe6+ 35. Ke2 Rd8 36. Rc4 e5 37. Rd1 Rxd1 38. Kxd1 Kf7 39. Ra4 Ke6 40. Ra2 Rb7 41. Kc2 Kd6 42. Kd3 Rb1 43. Kc4 Kc6 44. Rf2 Re1 45. Kd3 Rg1 46. Rf3 Kb5 47. h5 gxh5 0-1

[Event "Titled Tuesday intern op 02nd Apr Early"]
[Site "Chess.com INT"]
[Date "2024.04.02"]
[Round "7"]
[White "Bjerre, Jonas Buhl"]
[Black "Srihari, LR."]
[Result "1-0"]
[WhiteElo "2646"]
[BlackElo "2482"]
[PlyCount "73"]
[EventDate "2024.04.02"]
[EventType "swiss (blitz)"]
[EventRounds "11"]
[EventCountry "USA"]
[SourceTitle "CB15_2024"]
[SourceDate "2024.04.10"]
[SourceVersion "1"]
[SourceVersionDate "2024.04.10"]
[SourceQuality "1"]

1. e4 e5 2. Nf3 Nc6 3. Bb5 a6 4. Ba4 Nf6 5. d3 d6 6. c3 Bd7 7. 0-0 g6 8. Re1 Bg7 9. h3 0-0 10. Bc2 h6 11. Nbd2 Nh5 12. Nf1 Nf4 13. d4 Qf6 14. dxe5 Nxe5 15. Nxe5 Qxe5 16. Ne3 Rfe8 17. Qf3 g5 18. g3 Nxh3+ 19. Kg2 h5 20. Qxh5 g4 21. Qxe5 Rxe5 22. Nd5 Rae8 23. Nxc7 R8e7 24. Bf4 Nxf4+ 25. gxf4 Rh5 26. Nd5 Re8 27. Rad1 Bc6 28. Nb4 Bf8 29. Kg3 Bd7 30. Nd5 Rh3+ 31. Kg2 Kg7 32. Ne3 f5 33. Nxf5+ Bxf5 34. exf5 Rxe1 35. Rxe1 Rf3 36. Be4 Rxf4 37. Kg3 1-0

[Event "Titled Tuesday intern op 02nd Apr Early"]
[Site "Chess.com INT"]
[Date "2024.04.02"]
[Round "4"]
[White "Kuzubov, Yuriy"]
[Black "Srihari, LR."]
[Result "1-0"]
[WhiteElo "2606"]
[BlackElo "2482"]
[PlyCount "125"]
[EventDate "2024.04.02"]
[EventType "swiss (blitz)"]
[EventRounds "11"]
[EventCountry "USA"]
[SourceTitle "CB15_2024"]
[SourceDate "2024.04.10"]
[SourceVersion "1"]
[SourceVersionDate "2024.04.10"]
[SourceQuality "1"]

1. d4 d5 2. c4 e6 3. Nc3 Nf6 4. cxd5 exd5 5. Bg5 c6 6. e3 Nbd7 7. Bd3 Be7 8. Qc2 0-0 9. Nf3 Re8 10. Bf4 Nf8 11. h3 Bd6 12. 0-0 Bxf4 13. exf4 Ng6 14. f5 Nf4 15. Rfe1 Nxd3 16. Qxd3 Bd7 17. Ne5 Qb6 18. Re2 Rad8 19. Rae1 Bc8 20. g4 h6 21. Kg2 c5 22. Na4 c4 23. Qe3 Qa5 24. Nc3 b5 25. a3 Qb6 26. f4 a5 27. g5 Ne4 28. f6 gxf6 29. gxf6 Qxf6 30. Nxd5 Rxd5 31. Qxe4 Red8 32. Kh2 Rxd4 33. Rg1+ Kh8 34. Qc6 Qxc6 35. Nxc6 Rd2 36. Rgg2 Rxe2 37. Rxe2 Rg8 38. Nxa5 Bf5 39. Nc6 Rc8 40. Nd4 Bd3 41. Re7 c3 42. bxc3 Rxc3 43. Rxf7 Rxa3 44. f5 Ra4 45. Ne6 Ra1 46. f6 b4 47. Rd7 Bc4 48. f7 Rf1 49. f8Q+ Rxf8 50. Nxf8 b3 51. Rb7 Kg8 52. Ng6 h5 53. Ne5 Bd5 54. Rb6 Kg7 55. h4 Kf8 56. Kg3 Ke7 57. Kf4 Kd8 58. Ke3 Kc7 59. Rb4 Kd6 60. Kd4 Be6 61. Nc4+ Ke7 62. Rxb3 Kf6 63. Rb5 1-0

[Event "Bijnor op"]
[Site "Bijnor"]
[Date "2024.03.20"]
[Round "7"]
[White "Daksh, Goyal"]
[Black "Srihari, LR."]
[Result "0-1"]
[WhiteElo "1926"]
[BlackElo "2490"]
[PlyCount "149"]
[EventDate "2024.03.17"]
[EventType "swiss"]
[EventRounds "9"]
[EventCountry "IND"]
[SourceTitle "CB13_2024"]
[SourceDate "2024.03.27"]
[SourceVersion "1"]
[SourceVersionDate "2024.03.27"]
[SourceQuality "1"]

1. Nf3 d5 2. g3 c5 3. Bg2 Nc6 4. d4 Nf6 5. 0-0 Bg4 6. Ne5 Bh5 7. Nxc6 bxc6 8. c4 e6 9. cxd5 cxd5 10. Nc3 Rc8 11. Qa4+ Qd7 12. dxc5 Bxc5 13. Bg5 Qxa4 14. Nxa4 Bd4 15. e3 Be5 16. Rfc1 Ke7 17. Bf4 Bd6 18. Bxd6+ Kxd6 19. b4 Be2 20. Nc5 Rc7 21. Rc2 Bc4 22. Bf1 Bxf1 23. Kxf1 Ke7 24. Rb2 Rhc8 25. Rd1 Ng4 26. h3 Ne5 27. Rb3 a5 28. a3 f5 29. Rbb1 Nc4 30. Ra1 Nxa3 31. Rxa3 axb4 32. Rb3 Rxc5 33. Rxb4 Rc2 34. Rbd4 Kd6 35. Ra4 Rb8 36. Kg1 Rbb2 37. Rf1 Ke5 38. Ra7 Kf6 39. Rd7 Re2 40. Rd8 h6 41. Rf8+ Ke7 42. Rg8 Kf7 43. Rd8 Red2 44. Rd7+ Kf6 45. Rd8 Rb7 46. Rc1 Ra2 47. Re8 Rbb2 48. Rf1 Re2 49. Rd8 Ke5 50. Rg8 Ra7 51. Re8 Ra6 52. Rg8 Kf6 53. Rd8 Rea2 54. Rf8+ Ke5 55. Rg8 Ra7 56. Re8 Ra8 57. Rxa8 Rxa8 58. Rd1 Ke4 59. Rd4+ Kf3 60. Rf4+ Ke2 61. Kg2 Ra6 62. g4 g5 63. Rd4 fxg4 64. hxg4 Rc6 65. Ra4 e5 66. Ra2+ Kd3 67. Ra3+ Kd2 68. Ra2+ Rc2 69. Ra5 d4 70. Rxe5 d3 71. Re6 Ke1 72. Rxh6 Rxf2+ 73. Kg3 d2 74. e4 d1Q 75. Rb6 0-1

[Event "Bijnor op"]
[Site "Bijnor"]
[Date "2024.03.20"]
[Round "8"]
[White "Srihari, LR."]
[Black "Singh, Arvinder Preet"]
[Result "1-0"]
[WhiteElo "2490"]
[BlackElo "2030"]
[PlyCount "144"]
[EventDate "2024.03.17"]
[EventType "swiss"]
[EventRounds "9"]
[EventCountry "IND"]
[SourceTitle "CB13_2024"]
[SourceDate "2024.03.27"]
[SourceVersion "1"]
[SourceVersionDate "2024.03.27"]
[SourceQuality "1"]

1. d4 f5 2. Nf3 Nf6 3. c4 g6 4. g3 Bg7 5. Bg2 0-0 6. 0-0 d6 7. Nc3 c6 8. d5 e5 9. dxe6 Bxe6 10. b3 Na6 11. Ng5 Qe7 12. Nxe6 Qxe6 13. Bb2 Rad8 14. e3 Rfe8 15. Qc2 Nb4 16. Qd2 d5 17. Nxd5 Nbxd5 18. cxd5 cxd5 19. Qd3 Rd7 20. Rac1 Red8 21. Rc2 Qe7 22. Bd4 b6 23. Rfc1 Ne4 24. Rc6 Bxd4 25. Qxd4 Qg7 26. Rd1 Qxd4 27. Rxd4 Kf7 28. h4 Nc5 29. h5 Ne6 30. hxg6+ hxg6 31. Rh4 Kf6 32. Ra4 Kf7 33. Bf1 Kf6 34. Be2 Ke7 35. Rh4 Rf8 36. Rh6 Rf6 37. g4 Ng7 38. Rxg6 Rxc6 39. Rxc6 f4 40. Bd3 fxe3 41. fxe3 d4 42. Kf2 Kd8 43. Rf6 Ke7 44. Rh6 dxe3+ 45. Kxe3 Kd8 46. Bc4 Kc7 47. Rh8 Kd6 48. Kf4 Ke7 49. Ke5 Rc7 50. Rh7 Kf8 51. Rh8+ Ke7 52. a4 Rc5+ 53. Kf4 Ne6+ 54. Bxe6 Kxe6 55. Rh6+ Kf7 56. Rh7+ Kg6 57. Rxa7 Rc3 58. Ra6 Rxb3 59. a5 Rb4+ 60. Kf3 Kg5 61. Rxb6 Rf4+ 62. Ke3 Rxg4 63. a6 Ra4 64. Kd3 Kf5 65. Kc3 Ke5 66. Kb3 Ra1 67. Kc4 Rc1+ 68. Kb5 Kd5 69. a7 Rb1+ 70. Ka6 Ra1+ 71. Kb7 Kc5 72. Rb2 Kd5 1-0

[Event "Bijnor op"]
[Site "Bijnor"]
[Date "2024.03.18"]
[Round "4"]
[White "Srihari, LR."]
[Black "Arnav, Agrawal"]
[Result "1-0"]
[WhiteElo "2490"]
[BlackElo "1843"]
[PlyCount "77"]
[EventDate "2024.03.17"]
[EventType "swiss"]
[EventRounds "9"]
[EventCountry "IND"]
[SourceTitle "CB13_2024"]
[SourceDate "2024.03.27"]
[SourceVersion "1"]
[SourceVersionDate "2024.03.27"]
[SourceQuality "1"]

1. c4 g6 2. Nf3 Bg7 3. Nc3 Nf6 4. g3 0-0 5. Bg2 d6 6. d4 Nc6 7. 0-0 a6 8. b3 Rb8 9. d5 Na5 10. Bg5 c5 11. dxc6 Nxc6 12. Rc1 Bg4 13. h3 Be6 14. e4 Nd7 15. Be3 Nc5 16. Nd4 Bd7 17. Qd2 Qa5 18. Nxc6 bxc6 19. Kh2 Ne6 20. f4 f5 21. e5 Rfd8 22. exd6 exd6 23. Rfd1 c5 24. Ne2 Qxd2 25. Rxd2 Bc8 26. Rcd1 Bf8 27. g4 Kf7 28. Ng3 Kf6 29. gxf5 gxf5 30. Rd5 Bh6 31. Rxf5+ Kg7 32. Nh5+ Kh8 33. Rf6 Bg7 34. Nxg7 Kxg7 35. Rf5 Bb7 36. Bd5 Bxd5 37. Rfxd5 Rb6 38. f5 Nc7 39. Rxc5 1-0

[Event "Bijnor op"]
[Site "Bijnor"]
[Date "2024.03.17"]
[Round "1"]
[White "Kranti, Kumar Gupta"]
[Black "Srihari, LR."]
[Result "0-1"]
[WhiteElo "1488"]
[BlackElo "2490"]
[PlyCount "112"]
[EventDate "2024.03.17"]
[EventType "swiss"]
[EventRounds "9"]
[EventCountry "IND"]
[SourceTitle "CB13_2024"]
[SourceDate "2024.03.27"]
[SourceVersion "1"]
[SourceVersionDate "2024.03.27"]
[SourceQuality "1"]

1. e4 c5 2. Nf3 e6 3. d4 cxd4 4. Nxd4 a6 5. Nc3 Qc7 6. Qg4 Nf6 7. Qg3 Qxg3 8. hxg3 d6 9. f3 Be7 10. g4 Nc6 11. Be3 Nxd4 12. Bxd4 e5 13. Bb6 Be6 14. 0-0-0 Rc8 15. a4 Rc6 16. a5 Nd7 17. Be3 Bd8 18. Nd5 Bxa5 19. c4 Bxd5 20. exd5 Rc8 21. Kb1 Bb6 22. Bxb6 Nxb6 23. b3 Ke7 24. g3 h6 25. f4 Nd7 26. Bd3 g6 27. Rd2 Kf6 28. Rdh2 Kg7 29. f5 Nf6 30. Be2 Ne4 31. Rg2 b5 32. Kb2 b4 33. Ra1 Ra8 34. Ra5 Kf6 35. Bd3 Nc5 36. Bc2 Kg5 37. Rf2 e4 38. fxg6 fxg6 39. Rxc5 dxc5 40. Bxe4 Kxg4 41. Bxg6 Kxg3 42. Rf6 h5 43. d6 h4 44. Be4 Rad8 45. Bc6 h3 46. d7 h2 47. Rg6+ Kf4 48. Rf6+ Ke5 49. Rf1 Rxd7 50. Re1+ Kd6 51. Bh1 Rg7 52. Rd1+ Kc7 53. Rd5 Rg1 54. Rxc5+ Kb8 55. Bd5 h1Q 56. Bxh1 Rh2+ 0-1

[Event "Bijnor op"]
[Site "Bijnor"]
[Date "2024.03.17"]
[Round "2"]
[White "Srihari, LR."]
[Black "Ahaan, Alsisaria"]
[Result "1-0"]
[WhiteElo "2490"]
[BlackElo "1615"]
[PlyCount "73"]
[EventDate "2024.03.17"]
[EventType "swiss"]
[EventRounds "9"]
[EventCountry "IND"]
[SourceTitle "CB13_2024"]
[SourceDate "2024.03.27"]
[SourceVersion "1"]
[SourceVersionDate "2024.03.27"]
[SourceQuality "1"]

1. Nf3 d5 2. c4 e6 3. e3 c6 4. Nc3 f5 5. b3 Nf6 6. Bb2 Bd6 7. d4 0-0 8. Bd3 Ne4 9. 0-0 Nd7 10. Ne2 Rf6 11. Ne5 Rh6 12. g3 Qe8 13. h4 Be7 14. Kg2 Nxe5 15. dxe5 Rg6 16. Nf4 Rh6 17. Rh1 b6 18. Rc1 Bb7 19. cxd5 cxd5 20. Bxe4 fxe4 21. Rc7 Bc6 22. Qg4 Bd7 23. Nxd5 Bd8 24. Nf6+ Bxf6 25. exf6 Rg6 26. Qd1 Rd8 27. fxg7 e5 28. Qd5+ Be6 29. Qxe5 Rd5 30. Qc3 Qd8 31. Qb4 Rd2 32. Bd4 Bg4 33. Rhc1 Rd3 34. Qc4+ Be6 35. Rc8 Qxc8 36. Qxc8+ Bxc8 37. Rxc8+ 1-0

[Event "Titled Tuesday intern op 12th Mar Early"]
[Site "Chess.com INT"]
[Date "2024.03.12"]
[Round "6"]
[White "Borgaonkar, Akshay"]
[Black "Srihari, LR."]
[Result "1-0"]
[WhiteElo "2372"]
[BlackElo "2490"]
[PlyCount "83"]
[EventDate "2024.03.12"]
[EventType "swiss (blitz)"]
[EventRounds "11"]
[EventCountry "USA"]
[SourceTitle "CB12_2024"]
[SourceDate "2023.10.01"]
[SourceVersion "1"]
[SourceVersionDate "2023.10.01"]
[SourceQuality "1"]

1. e4 d6 2. d4 Nf6 3. Nc3 e5 4. Nf3 Nbd7 5. g4 Nxg4 6. Rg1 exd4 7. Nxd4 Nde5 8. Bf4 g6 9. h3 Nf6 10. Qd2 c5 11. Bb5+ Bd7 12. Bxe5 dxe5 13. Bxd7+ Qxd7 14. Ndb5 Qxd2+ 15. Kxd2 0-0-0+ 16. Ke2 a6 17. Na3 b5 18. Nd5 Nxe4 19. c4 b4 20. Nc2 f5 21. Rad1 Bh6 22. f3 Nd6 23. b3 Nf7 24. a3 a5 25. axb4 axb4 26. Ra1 Kb7 27. Ra5 Ra8 28. Rb5+ Kc6 29. Rb6+ Kd7 30. Rb7+ Kd6 31. Rxf7 Ra2 32. Kd1 Rha8 33. Rxh7 Ra1+ 34. Nxa1 Rxa1+ 35. Ke2 Rxg1 36. Rxh6 Ke6 37. h4 Kf7 38. Rh7+ Kf8 39. Nf6 Rb1 40. Rb7 Rxb3 41. Nd7+ Kg7 42. Nxc5+ 1-0

[Event "Titled Tuesday intern op 12th Mar Early"]
[Site "Chess.com INT"]
[Date "2024.03.12"]
[Round "9"]
[White "Olhovik, Andrei"]
[Black "Srihari, LR."]
[Result "1/2-1/2"]
[WhiteElo "2283"]
[BlackElo "2490"]
[PlyCount "172"]
[EventDate "2024.03.12"]
[EventType "swiss (blitz)"]
[EventRounds "11"]
[EventCountry "USA"]
[SourceTitle "CB12_2024"]
[SourceDate "2023.10.01"]
[SourceVersion "1"]
[SourceVersionDate "2023.10.01"]
[SourceQuality "1"]

1. d4 Nf6 2. c4 e6 3. Nc3 Bb4 4. a3 Bxc3+ 5. bxc3 0-0 6. f3 d5 7. e3 dxc4 8. Bxc4 c5 9. Ne2 b6 10. 0-0 Ba6 11. Bxa6 Nxa6 12. a4 Nc7 13. e4 Nd7 14. Be3 Qe7 15. Qe1 e5 16. d5 f5 17. c4 f4 18. Bf2 a5 19. Nc3 Ne8 20. Nb5 Nd6 21. Bh4 Nf6 22. Nxd6 Qxd6 23. Rb1 Nd7 24. Rf2 h6 25. Rfb2 g5 26. Bf2 Rf6 27. Qe2 h5 28. h3 Kf7 29. Kf1 Rg8 30. Ke1 Rfg6 31. Kd2 g4 32. hxg4 hxg4 33. Rh1 g3 34. Be1 Rh6 35. Rxh6 Qxh6 36. Kd3 Qh1 37. Rb1 Qg1 38. Kc2 Qh2 39. Bc3 Qh6 40. Qe1 Rh8 41. Kb3 Qd6 42. Ka3 Rh2 43. Qg1 Ke8 44. Bd2 Kd8 45. Bc3 Kc8 46. Bd2 Nb8 47. Bc3 Na6 48. Rb5 Nc7 49. Rb1 Ne8 50. Rc1 Kb7 51. Rc2 Qe7 52. Qa1 Rh5 53. Rb2 Nd6 54. Qa2 Ka6 55. Qb3 Qc7 56. Rb1 Ka7 57. Ka2 Qb7 58. Rc1 Qa6 59. Bb2 Qc8 60. Qc3 Qe8 61. Kb3 Qh8 62. Ba3 Nb7 63. Ka2 Rh2 64. Rg1 Rh1 65. Qe1 Rxg1 66. Qxg1 Qh2 67. Qf1 Nd6 68. Kb3 Kb7 69. Bb2 Nf7 70. Bc3 Kc7 71. Bb2 Kd6 72. Bc3 Ng5 73. Bb2 Nh3 74. Bxe5+ Kxe5 75. Qa1+ Kd6 76. Qf6+ Kc7 77. Qe7+ Kb8 78. Qd8+ Kb7 79. Qd7+ Kb8 80. d6 Qxg2 81. Qc7+ Ka8 82. Qc8+ Ka7 83. Qc7+ Ka8 84. Qc8+ Ka7 85. Qc7+ Ka6 86. Qc8+ Ka7 1/2-1/2

[Event "Titled Tuesday intern op 12th Mar Early"]
[Site "Chess.com INT"]
[Date "2024.03.12"]
[Round "8"]
[White "Srihari, LR."]
[Black "Antunez, Soler Luis"]
[Result "1-0"]
[WhiteElo "2490"]
[BlackElo "2200"]
[PlyCount "145"]
[EventDate "2024.03.12"]
[EventType "swiss (blitz)"]
[EventRounds "11"]
[EventCountry "USA"]
[SourceTitle "CB12_2024"]
[SourceDate "2023.10.01"]
[SourceVersion "1"]
[SourceVersionDate "2023.10.01"]
[SourceQuality "1"]

1. g3 d5 2. Bg2 Nf6 3. c4 c6 4. Nf3 e6 5. 0-0 Nbd7 6. cxd5 exd5 7. d3 Bd6 8. e4 0-0 9. Nc3 h6 10. Re1 dxe4 11. dxe4 Ne5 12. Nxe5 Bxe5 13. Qc2 Bg4 14. h3 Be6 15. Be3 Qc8 16. Kh2 Re8 17. f4 Bc7 18. Bd4 Nh7 19. e5 Rd8 20. Rad1 Nf8 21. g4 Bd5 22. Nxd5 cxd5 23. Rc1 Ne6 24. Be3 d4 25. Bd2 d3 26. Qb3 Qd7 27. f5 Nd4 28. Qxd3 Qe7 29. Qe3 f6 30. Kh1 Bxe5 31. Bc3 Qf7 32. Rcd1 Nc6 33. Bxc6 Rxd1 34. Rxd1 bxc6 35. Bxe5 fxe5 36. Qxe5 Re8 37. Qc3 Qxa2 38. Rd2 Qb1+ 39. Kg2 Qe4+ 40. Qf3 Qc4 41. f6 gxf6 42. Qxf6 Qe4+ 43. Qf3 Qc4 44. Rf2 Qe6 45. Qf4 Qd5+ 46. Kg3 Qd3+ 47. Rf3 Qg6 48. Qf6 Qxf6 49. Rxf6 Re3+ 50. Kh4 Kg7 51. Rxc6 Rb3 52. Rc2 a5 53. Rf2 a4 54. Rc2 a3 55. bxa3 Rxa3 56. Rc7+ Kg6 57. Rc6+ Kg7 58. Rc2 Ra5 59. Rc3 Kg6 60. Kg3 Kg7 61. Rb3 Kg6 62. Rb4 Kg7 63. Kf4 Kg6 64. h4 Kg7 65. h5 Kf7 66. Rb7+ Kg8 67. Rb6 Kg7 68. Kg3 Kh7 69. Rb7+ Kg8 70. Rc7 Kh8 71. Rf7 Kg8 72. Rf5 Kg7 73. Rxa5 1-0

[Event "Titled Tuesday intern op 12th Mar Early"]
[Site "Chess.com INT"]
[Date "2024.03.12"]
[Round "7"]
[White "Srihari, LR."]
[Black "Grinev, Valeriy"]
[Result "1-0"]
[WhiteElo "2490"]
[BlackElo "2422"]
[PlyCount "67"]
[EventDate "2024.03.12"]
[EventType "swiss (blitz)"]
[EventRounds "11"]
[EventCountry "USA"]
[SourceTitle "CB12_2024"]
[SourceDate "2023.10.01"]
[SourceVersion "1"]
[SourceVersionDate "2023.10.01"]
[SourceQuality "1"]

1. Nf3 c5 2. g3 Nc6 3. Bg2 g6 4. 0-0 Bg7 5. c3 e5 6. d4 exd4 7. cxd4 cxd4 8. Na3 Nge7 9. Nb5 d5 10. Nbxd4 0-0 11. Bf4 Nf5 12. Nxc6 bxc6 13. Rc1 Qb6 14. b3 Ba6 15. Re1 Rad8 16. Be5 f6 17. Bb2 d4 18. Qc2 Rc8 19. g4 d3 20. exd3 Nh6 21. h3 Nf7 22. Bd4 Qa5 23. Re7 c5 24. Bc3 Qb6 25. Rce1 Nd6 26. R1e6 Rc7 27. Qe2 Rxe7 28. Rxe7 Nb5 29. Bb2 Bc8 30. g5 Nd4 31. Nxd4 cxd4 32. Bd5+ Kh8 33. Rxg7 Qd6 34. Qe7 1-0

[Event "IND-ch Blitz"]
[Site "Nashik"]
[Date "2024.03.07"]
[Round "5"]
[White "Raja, Rithvik R"]
[Black "Srihari, LR."]
[Result "1-0"]
[WhiteElo "2395"]
[BlackElo "2322"]
[PlyCount "123"]
[EventDate "2024.03.07"]
[EventType "swiss (blitz)"]
[EventRounds "11"]
[EventCountry "IND"]
[SourceTitle "CB11_2024"]
[SourceDate "2024.03.13"]
[SourceVersion "1"]
[SourceVersionDate "2024.03.13"]
[SourceQuality "1"]

1. d4 Nf6 2. c4 e6 3. Nf3 d5 4. Nc3 Nbd7 5. Bf4 c6 6. e3 Be7 7. h3 0-0 8. Rc1 b6 9. cxd5 exd5 10. Bd3 Bb7 11. 0-0 Re8 12. Qc2 Nf8 13. Rfd1 Ng6 14. Bh2 Bd6 15. Bxd6 Qxd6 16. a3 Re7 17. b4 Rae8 18. Qb3 Ne4 19. a4 f5 20. b5 cxb5 21. Nxb5 Qb8 22. Nc3 Qd6 23. a5 bxa5 24. Bxe4 fxe4 25. Nxe4 Qb4 26. Nc5 Qxb3 27. Nxb3 a4 28. Nc5 Bc6 29. Ra1 Rb8 30. Nxa4 Be8 31. Nc3 Rd7 32. Ra5 Bf7 33. Rda1 Rbb7 34. Ng5 Ne7 35. Na4 Nc6 36. Rc5 Ne7 37. Rc3 h6 38. Nxf7 Kxf7 39. Nc5 Rdc7 40. Rca3 Rb2 41. Rxa7 Rxa7 42. Rxa7 Kf6 43. Ra6+ Kf7 44. g4 Ng6 45. Kg2 Nh4+ 46. Kg3 g5 47. Rxh6 Rb1 48. f4 Rg1+ 49. Kf2 Rg2+ 50. Kf1 Rg3 51. fxg5 Rxh3 52. Ke2 Kg7 53. Ne6+ Kf7 54. Nf4 Rh2+ 55. Kd3 Nf3 56. Rxh2 Nxh2 57. Nxd5 Kg6 58. e4 Kxg5 59. Ne3 Nf3 60. e5 Nh4 61. Ke4 Ng6 62. d5 1-0

[Event "IND-ch Rapid"]
[Site "Nashik"]
[Date "2024.03.06"]
[Round "10"]
[White "Aronyak, Ghosh"]
[Black "Srihari, LR."]
[Result "1/2-1/2"]
[WhiteElo "2422"]
[BlackElo "2236"]
[PlyCount "57"]
[EventDate "2024.03.04"]
[EventType "swiss (rapid)"]
[EventRounds "11"]
[EventCountry "IND"]
[SourceTitle "CB11_2024"]
[SourceDate "2024.03.13"]
[SourceVersion "1"]
[SourceVersionDate "2024.03.13"]
[SourceQuality "1"]

1. Nf3 c5 2. c4 Nc6 3. Nc3 g6 4. g3 Bg7 5. Bg2 d6 6. d3 e5 7. a3 Nge7 8. 0-0 a5 9. Bg5 h6 10. Bxe7 Nxe7 11. Rb1 0-0 12. Ne1 Rb8 13. Nc2 Be6 14. Ne3 f5 15. Ned5 Kh7 16. b4 axb4 17. axb4 Nxd5 18. Bxd5 Bxd5 19. Nxd5 b5 20. cxb5 Rxb5 21. bxc5 Rxc5 22. e4 Rf7 23. Rc1 Rxc1 24. Qxc1 f4 25. f3 h5 26. Kg2 fxg3 27. hxg3 Bh6 28. Qd1 Rb7 29. Qe2 1/2-1/2

[Event "IND-ch Rapid"]
[Site "Nashik"]
[Date "2024.03.06"]
[Round "11"]
[White "Srihari, LR."]
[Black "Wagh, Suyog"]
[Result "1/2-1/2"]
[WhiteElo "2236"]
[BlackElo "2215"]
[PlyCount "129"]
[EventDate "2024.03.04"]
[EventType "swiss (rapid)"]
[EventRounds "11"]
[EventCountry "IND"]
[SourceTitle "CB11_2024"]
[SourceDate "2024.03.13"]
[SourceVersion "1"]
[SourceVersionDate "2024.03.13"]
[SourceQuality "1"]

1. c4 Nf6 2. Nf3 e6 3. Nc3 d5 4. d4 c6 5. e3 Nbd7 6. Qc2 Bd6 7. b3 0-0 8. Be2 b6 9. 0-0 Bb7 10. Bb2 Qe7 11. Rad1 Rfe8 12. Rfe1 Rac8 13. e4 Nxe4 14. Nxe4 dxe4 15. Qxe4 Nf8 16. Bf1 Qc7 17. h4 c5 18. Qe3 f6 19. h5 Rcd8 20. Qc3 h6 21. d5 Qf7 22. dxe6 Nxe6 23. g3 Qxh5 24. Bg2 Qf7 25. Qc2 Bf8 26. Rxd8 Nxd8 27. Rxe8 Qxe8 28. Qd3 Be4 29. Qe3 Bc6 30. Qd3 Qd7 31. Qe2 Qe6 32. Qd3 Nf7 33. Bc3 Qe4 34. Qd1 Qe6 35. Qd3 Qd7 36. Qe2 Qb7 37. a3 Qe7 38. Qd2 Qe6 39. Qd3 Qe4 40. Qd1 Qe8 41. Qd3 Qd7 42. Qe2 Qe8 43. Qd3 Be4 44. Qe3 Qa8 45. Qe2 Qb7 46. Qe3 Bc6 47. b4 Qe7 48. Qd2 Qe6 49. b5 Be4 50. Qe2 Bf5 51. Qf1 Qd7 52. Nh4 Be6 53. Bc6 Qc8 54. Qe2 Nd6 55. Ng6 Bxc4 56. Ne7+ Bxe7 57. Qxe7 Nf7 58. Qxa7 Qh3 59. Bg2 Qe6 60. a4 Ng5 61. a5 Qd6 62. Qxb6 Qd1+ 63. Kh2 Qh5+ 64. Kg1 Qd1+ 65. Kh2 1/2-1/2

[Event "Titled Tuesday intern op 13th Feb Early"]
[Site "Chess.com INT"]
[Date "2024.02.13"]
[Round "5"]
[White "Makarian, Rudik"]
[Black "Srihari, LR."]
[Result "1-0"]
[WhiteElo "2525"]
[BlackElo "2490"]
[PlyCount "71"]
[EventDate "2024.02.13"]
[EventType "swiss (blitz)"]
[EventRounds "11"]
[EventCountry "USA"]
[SourceTitle "CB08_2024"]
[SourceDate "2024.02.21"]
[SourceVersion "1"]
[SourceVersionDate "2024.02.21"]
[SourceQuality "1"]

1. Nf3 d5 2. c4 d4 3. g3 g6 4. Bg2 Bg7 5. b4 a5 6. b5 c5 7. 0-0 Nh6 8. d3 0-0 9. a4 Nd7 10. Ra2 Rb8 11. e3 Nf5 12. e4 Nd6 13. Re2 e5 14. h4 Nb6 15. Bd2 Bg4 16. Bxa5 Ra8 17. Bxb6 Qxb6 18. Nbd2 f5 19. exf5 Rxf5 20. Ng5 Bxe2 21. Qxe2 Rxa4 22. Nde4 Ne8 23. Bh3 h6 24. Bxf5 gxf5 25. Qh5 Ra8 26. Qf7+ Kh8 27. Qxf5 hxg5 28. hxg5 Kg8 29. Kg2 Nc7 30. Nf6+ Bxf6 31. gxf6 Kf7 32. Rh1 Rg8 33. Rh7+ Kf8 34. Qc8+ Ne8 35. f7 Rxg3+ 36. fxg3 1-0

[Event "Titled Tuesday intern op 13th Feb Early"]
[Site "Chess.com INT"]
[Date "2024.02.13"]
[Round "1"]
[White "Silva, Pedro Gil Ferreira"]
[Black "Srihari, LR."]
[Result "1-0"]
[WhiteElo "2222"]
[BlackElo "2490"]
[PlyCount "77"]
[EventDate "2024.02.13"]
[EventType "swiss (blitz)"]
[EventRounds "11"]
[EventCountry "USA"]
[SourceTitle "CB08_2024"]
[SourceDate "2024.02.21"]
[SourceVersion "1"]
[SourceVersionDate "2024.02.21"]
[SourceQuality "1"]

1. e4 e5 2. Nf3 d6 3. d4 exd4 4. Qxd4 Nf6 5. Nc3 Be7 6. Bg5 0-0 7. 0-0-0 h6 8. Bh4 Nc6 9. Qd3 Ng4 10. Bxe7 Qxe7 11. Qe2 Nge5 12. Nd5 Qd8 13. Nxe5 Nxe5 14. h3 c6 15. Nc3 Ng6 16. Qd2 Qf6 17. g3 Rd8 18. f4 Qe7 19. Bd3 Nf8 20. g4 b5 21. Ne2 a5 22. Nd4 Bd7 23. Rhg1 g6 24. g5 hxg5 25. Rxg5 c5 26. Nf5 Bxf5 27. exf5 c4 28. Be2 Kh7 29. fxg6+ fxg6 30. f5 Qf6 31. fxg6+ Nxg6 32. Rdg1 Rg8 33. Rh5+ Kg7 34. Qh6+ Kf7 35. Rf1 Rh8 36. Rxf6+ Kxf6 37. Qg5+ Kg7 38. Rxh8 Rxh8 39. Bh5 1-0